7th international conference on lazer and fiber- optical networks modeling (LFNN 2005)
Đã lưu trong:
| 格式: | 圖書 |
|---|---|
| 語言: | Undetermined |
| 出版: |
Institute of Electrical and Electronic Engineers, Inc
2005
|
| 主題: | |
| 標簽: |
添加標簽
沒有標簽, 成為第一個標記此記錄!
|
| Thư viện lưu trữ: | Trung tâm Học liệu Trường Đại học Cần Thơ |
|---|
| LEADER | 00500nam a2200157Ia 4500 | ||
|---|---|---|---|
| 001 | CTU_103172 | ||
| 008 | 210402s9999 xx 000 0 und d | ||
| 020 | |c 153.52 | ||
| 082 | |a 621.3692 | ||
| 082 | |b S497 | ||
| 245 | 0 | |a 7th international conference on lazer and fiber- optical networks modeling (LFNN 2005) | |
| 260 | |b Institute of Electrical and Electronic Engineers, Inc | ||
| 260 | |c 2005 | ||
| 650 | |a Fiber optics | ||
| 904 | |i M.Loan | ||
| 980 | |a Trung tâm Học liệu Trường Đại học Cần Thơ | ||